Click the Correct Anne - Statistics

General Stats
  • This quiz has been taken 15 times
  • The average score is 8 of 20
Answer Stats
Hint Answer % Correct
Hid in an attic in Amsterdam during World War II Frank
100%
Portrayed a fashion assistant constantly mistaken for “Emily” Hathaway
85%
Made Lennon and Yoko into an iconic final image Leibovitz
69%
Gothic novelist who popularized modern vampire fiction Rice
69%
Published under the male pen name Acton Bell Brontë
62%
Portrayed cinematically another Anne of this quiz Bancroft
54%
Faced accusations of adultery, treason, and incest before her execution Boleyn
54%
Performed precision shooting exhibitions across the U.S. and Europe Oakley
54%
Instructor and lifelong companion of Helen Keller Sullivan
54%
A redhead living at Green Gables Shirley
38%
Was expected to marry Mr. Darcy in an arranged match De Bourgh
23%
Daughter of the “Kingmaker” Earl of Warwick Neville
23%
The protagonist of a Jane Austen novel Elliot
15%
Was regarded by followers as the female embodiment of Christ Lee
15%
Often referred to as the first modern lesbian Lister
15%
British spy undercover as a housewife in Cold War espionage Walker
15%
A Washington lobbyist linking corporations and Democratic policymakers Wexler
15%
A poet and protestant preacher burned at stake Askew
8%
Former Deputy Prime Minister of Canada McLellan
8%
Turned therapy notes into Pulitzer-winning confessions Sexton
8%
No matching quizzes found
Score Distribution
Percent of People with Each Score
Percentile by Number Answered
Your Score History
You have not taken this quiz